000 02763cam a22002054a 4500
005 20250605164149.0
008 250528s ||||||||||||||||||||||||d
035 _a19322
020 _a9607860519
040 _aGR-AtMCL
_bgre
_dGR-AtMCL
_eAACR2
245 1 _aΔιοίκηση Προσωπικού / Αλλαγές και Προγράμματα Δράσης της Επιχείρησης
250 _a
260 _bΠροπομπός,
_c2005
300 _a192
520 _aΗ Διοίκηση Προσωπικού πρέπει να αποτελέσει τον ηγέτη, καθοδηγητή και καταλύτη της νέας αυτής κατάστασης με άμεσο σκοπό να προσθέσει αξία στην επιχείρηση και να αποδώσει αποτελέσματα. Πρόλογος, Η Διοίκηση Ανθρωπίνων Πόρων, Εισαγωγή και Εισαγωγικές Παρατηρήσεις και Επισημάνσεις, Οι Προκλήσεις του Σήμερα, Η Θέση και η Συμβολή της Περιοχής των Ανθρωπίνων Πόρων Ιδιαίτερα Σήμερα με την Πρόκληση της Αλλαγής και το Σκληρό Ανταγωνιστικό Περιβάλλον, Διατύπωση Οράματος της Διεύθυνσης Ανθρωπίνων Πόρων και οι Καλύτερες Επιχειρησιακές Πρακτικές Διαχείρισης Ανθρωπίνων Πόρων, Μετασχηματισμός και Αλλαγή, Εργαλεία Εταιρικής Στρατηγικής, Η Αλλαγή και ο Μετασχηματισμός μιας Επιχείρησης, Παραδείγματα Αλλαγών σε Διάφορες Επιχειρήσεις, Πρόγραμμα Δράσης, Προγραμματισμός και Ανάπτυξη Προσωπικού, Τα Κυριότερα Σημεία Δράσης μιας Επιχείρησης, Πρόταση Ενός Πλαισίου Αρχών και Οράματος για μια Σύγχρονη Επιχείρηση, Σύστημα Διοίκησης Διοικητικού και Ανθρωπίνων Πόρων, Δραστηριότητες Στρατηγικής Σημασίας στον Χώρο Διοίκησης Ανθρωπίνων Πόρων, Διαδικασία Επιλογής στο Πλαίσιο Αναδιάρθρωσης μιας Επιχείρησης, Οι Κύριοι Στόχοι των Προαναφερθέντων Πολιτικών και Προγραμμάτων Δράσης, Βιβλιογραφία.
700 1 _aΒαλβής Μάρκος
_95565
942 _cBK
999 _c4582
_d4582